000
00278nam a2200109Ia 4500
008
220204s9999 xx 000 0 und d
082
_a
338.43.01
_b
BAN
100
_a
BANSAL, M R
245
0
_a
Capital formation in agriculture
260
_a
Meerut
_b
Pragathi Prakashan
942
_c
BK
999
_c
36963
_d
36963